00370nam a22001217a 450000500170000000800410001702000180005805000200007610000220009624500870011826000310020530000120023620250328125006.0250328b |||||||| |||| 00| 0 eng d a9780077099923 aHD 30.22 HENb1 aHENDRIKSE, George aEconomics and management of organizations:bCo-ordination, motivation and strategy aLondonbMcgraw- Hillc2003 axx,507p